000 00876nam a2200217Ii 4500
003 JO-AjNU
008 230605s9999||||xx |||||||||||||| ||und||
017 _a2005/16515
020 _a977-337-215-4
040 _aJO-AjNU
_bara
_erda
_cJO-AjNU
041 _aara
050 1 4 _aHD30.2.2007
100 3 _aخبراء مركز الخبرات المهنية للادارة بميك؛ مستشار علمي عبدالرحمن توفيق,
_eauthor
_944105
245 0 0 _aالادارة الالكترونية في الشئون الادارية=Electronic Management In Training
264 3 1 _aالقاهرة:مركز الخبرات المهنية للادارة بميك،2007
300 _a60ص
336 _atext
_btxt
_2rdacontent
337 _aunmediated
_bn
_2rdamedia
338 _avolume
_bnc
_2rdacarrier
650 4 _aادارة اعمال-معالجة بيانات
_944106
999 _aA19015
_c22583
_d22583